[Event "Rhein Main op-B 22nd"]
[Site "Bad Homburg"]
[Date "2019.06.21"]
[Round "4"]
[White "Geyer, Stephan"]
[Black "Bernig, Andreas"]
[Result "0-1"]
[WhiteElo "1510"]
[BlackElo "1923"]
[PlyCount "112"]
[EventDate "2019.06.19"]
[EventType "swiss"]
[EventRounds "7"]
[EventCountry "GER"]
[SourceTitle "EXT 2020"]
[Source "ChessBase"]
[SourceDate "2019.10.17"]
[SourceVersion "1"]
[SourceVersionDate "2019.10.17"]
[SourceQuality "1"]

1. e4 e6 2. d4 d5 3. e5 c5 4. c3 Nc6 5. Nf3 Qb6 6. Bd3 Bd7 7. dxc5 Bxc5 8. b4 Be7 9. a4 f6 10. 0-0 Nxe5 11. Nxe5 fxe5 12. Qh5+ Kd8 13. Qxe5 Bf6 14. Bg5 Qc7 15. Bxf6+ gxf6 16. Qd4 Qd6 17. f4 Qb6 18. Qxb6+ axb6 19. Rf2 Rxa4 20. Rfa2 Rxa2 21. Rxa2 Ne7 22. Ra8+ Nc8 23. b5 e5 24. Na3 e4 25. Be2 Re8 26. Nc2 Kc7 27. Kf2 Kd6 28. Rb8 Kc7 29. Ra8 Re7 30. Ke3 Nd6 31. Nd4 Rg7 32. g3 Bc8 33. Ra4 Bg4 34. Bf1 h5 35. c4 dxc4 36. Bxc4 h4 37. Bd5 hxg3 38. hxg3 Bd7 39. Kf2 Re7 40. Rb4 Rh7 41. Ke3 f5 42. Ne6+ Bxe6 43. Bxe6 Rh3 44. Kf2 Rh2+ 45. Ke3 Rg2 46. Kd4 Rxg3 47. Ke5 Rc3 48. Rd4 Rc5+ 49. Rd5 Rxd5+ 50. Bxd5 e3 51. Bf3 Nxb5 52. Kxf5 e2 53. Bxe2 Nd4+ 54. Kf6 Nxe2 55. f5 Kd6 56. Kf7 Ng3 0-1

[Event "Rhein Main op-B 22nd"]
[Site "Bad Homburg"]
[Date "2019.06.20"]
[Round "2"]
[White "Geyer, Stephan"]
[Black "Modric, Vladimir"]
[Result "1/2-1/2"]
[WhiteElo "1510"]
[BlackElo "1929"]
[PlyCount "45"]
[EventDate "2019.06.19"]
[EventType "swiss"]
[EventRounds "7"]
[EventCountry "GER"]
[SourceTitle "EXT 2020"]
[Source "ChessBase"]
[SourceDate "2019.10.17"]
[SourceVersion "1"]
[SourceVersionDate "2019.10.17"]
[SourceQuality "1"]

1. e4 c5 2. Nc3 g6 3. f4 Bg7 4. Nf3 Nc6 5. Bb5 Nd4 6. Bc4 e6 7. 0-0 Ne7 8. Nxd4 cxd4 9. Ne2 d5 10. Bb5+ Bd7 11. Bxd7+ Qxd7 12. e5 Nc6 13. d3 0-0 14. b4 f6 15. b5 Ne7 16. exf6 Bxf6 17. a4 Rac8 18. Ra2 Rf7 19. Qe1 h5 20. Qf2 Nf5 21. Ng3 Nh6 22. Qe2 Bg7 23. Re1 1/2-1/2

[Event "Rhein Main op-B 20th"]
[Site "Bad Homburg"]
[Date "2017.06.18"]
[Round "7"]
[White "Geyer, Stephan"]
[Black "Lebermann, Hellmuth"]
[Result "0-1"]
[WhiteElo "1700"]
[BlackElo "1862"]
[PlyCount "96"]
[EventDate "2017.06.14"]
[EventType "swiss"]
[EventRounds "7"]
[EventCountry "GER"]
[SourceTitle "EXT 2018"]
[Source "ChessBase"]
[SourceDate "2017.10.13"]
[SourceVersion "1"]
[SourceVersionDate "2017.10.13"]
[SourceQuality "1"]

1. e4 c5 2. Nf3 d6 3. d4 cxd4 4. Nxd4 a6 5. Bc4 Nf6 6. Nc3 e5 7. Nb3 Nc6 8. Bg5 Be7 9. Bxf6 Bxf6 10. Qe2 0-0 11. 0-0-0 b5 12. Bd3 Be6 13. Nd5 Bxd5 14. exd5 Ne7 15. h4 g6 16. Qf3 Bg7 17. g4 f5 18. gxf5 Nxf5 19. Qg4 Qf6 20. Qe4 h5 21. Kb1 Kh7 22. Rdg1 Bh6 23. Rh2 Rg8 24. a3 Raf8 25. Ka2 Bf4 26. Rh3 Kh6 27. Rg2 Rf7 28. Rh1 Rfg7 29. Rxg6+ Rxg6 30. Qxf5 Qxf5 31. Bxf5 Rf6 32. Be4 Kg7 33. Na5 Bd2 34. Rg1+ Kf8 35. Rxg8+ Kxg8 36. Nb7 Be1 37. a4 Bxf2 38. axb5 axb5 39. b3 Kf8 40. c4 bxc4 41. bxc4 Ke7 42. Kb3 Rf4 43. Bd3 Rxh4 44. Be2 Rh3+ 45. Kb4 h4 46. Na5 Be1+ 47. Kb5 Bxa5 48. Kxa5 Re3 0-1